NHL - New Jersey Devils' 40 goals club - Statistics

General Stats
  • This quiz has been taken 296 times
  • The average score is 4 of 9
Answer Stats
Hint Answer % Correct
2000-01 40 Patrik Elias
93%
2008-09 45 Zach Parise
58%
2005-06 48 Brian Gionta
48%
1990-91 45 John MacLean
43%
1988-89 42 John MacLean
43%
1989-90 41 John MacLean
43%
1991-92 41 Claude Lemieux
30%
2001-02 43 Alexander Mogilny
26%
1987-88 46 Pat Verbeek
20%
No matching quizzes found
Score Distribution
Percent of People with Each Score
Percentile by Number Answered
Your Score History
You have not taken this quiz